header

Elizabeth I and religion, 1558-1603 (Record no. 1718)

MARC details
000 -LEADER
fixed length control field 01393nam a2200361 a 4500
082 04 - DEWEY DECIMAL CLASSIFICATION NUMBER
Classification number 274.2/06
100 1# - MAIN ENTRY--AUTHOR NAME
Personal name Doran, Susan.
245 10 - TITLE STATEMENT
Title Elizabeth I and religion, 1558-1603
260 ## - PUBLICATION, DISTRIBUTION, ETC. (IMPRINT)
Place of publication London ;
-- New York :
Name of publisher Routledge,
Year of publication 1994.
300 ## - PHYSICAL DESCRIPTION
Number of Pages xiv, 73 p.
490 1# - SERIES STATEMENT
Series statement Lancaster pamphlets
650 #0 - SUBJECT ADDED ENTRY--TOPICAL TERM
Topical Term Reformation
856 40 - ELECTRONIC LOCATION AND ACCESS
Uniform Resource Identifier http://site.ebrary.com/lib/rucke/Doc?id=5002677

No items available.

© 2026 Rongo University
Contact us: librarian | system librarian | Rongo university